Favorite Player For Every Team - Statistics

General Stats
  • This quiz has been taken 7 times
  • The average score is 13 of 28
Answer Stats
Hint Answer % Correct
Celtics Jayson Tatum
100%
Timberwolves Anthony Edwards
86%
Bucks Giannis Antetokounmpo
86%
Hawks Trae Young
86%
Pacers Tyrese Haliburton
86%
Pistons Cade Cunningham
71%
Rockets Jalen Green
71%
Thunder Jalen Williams
71%
Raptors Brandon Ingram
57%
Suns Devin Booker
57%
Heat Tyler Herro
57%
Spurs Victor Wembanyama
57%
Cavaliers Evan Mobley
43%
Nuggets Jamal Murray
43%
Clippers James Harden
43%
Grizzlies Jaren Jackson
43%
Knicks Karl Anthony Towns
43%
76ers Tyrese Maxey
43%
Nets Cameron Johnson
29%
Bulls Josh Giddey
29%
Kings Malik Monk
29%
Wizards Bilal Coulibaly
14%
Hornets Brandon Miller
14%
Magic Jalen Suggs
14%
Warriors Jonathan Kuminga
14%
Trailblazers Shaedon Sharpe
14%
Pelicans Trey Murphy
14%
Jazz Walker Kessler
14%
No matching quizzes found
Score Distribution
Percent of People with Each Score
Percentile by Number Answered
Your Score History
You have not taken this quiz